000 00981nam a2200265 a 4500
001 000016146
005 20200929164307.0
008 100226s2006 dr 000 0 spa d
020 _a1932271635
040 _aDO-SdBNP
_bspa
_cBNPHU
082 _a894.5114
_bF347c
100 1 _aFerdinandy, Georges,
_c(György)
_d1935-
_936144
245 1 0 _aCielos vacíos /
_cGeorges Ferdinandy ; traducción María T. Reyes, Liesl M. Malaret.
260 _aSan Juan, Puerto Rico:
_aSanto Domingo :
_bIsla Negra,
_c2006.
300 _a105 p. ;
_c23 cm.
490 1 _aEl rostro y la máscara
500 _aIncluye datos biográficos del autor en la solapa de la cubierta.
600 1 4 _aFERDINANDY, GEORGES,
_tCIELOS VACÍOS
_xCRÍTICA E INTERPRETACIÓN
_936145
650 4 _aCuentos húngaros
_927397
650 4 _aLiteratura húngara
_921825
700 1 _aReyes, María T.,
_etr.
_927398
700 1 _aMalaret, Liesl M.,
_etr.
_936146
830 0 _aEl rostro y la máscara
_9251
049 _aBNPD
999 _c15686
_d15686